000 00320nam a22001337a 4500
008 171003b xxu||||| |||| 00| 0 eng d
020 _a0898626234
041 _aeng
080 _a15939
100 _a48
101 _aPSI
245 _aSOCIAL COGNITIVE DEVELOPMENT IN CONTEXT
_cSERAFICA.F.C
942 _2udc
_cBK
999 _c31472
_d31472